Hypothyroidiism on dogs in veterinary hospital in sangkat phsar derm tkov, chamkamorn district,phnom penh. ករណីក្រពេញទីរ៉ូអ៊ីតខ្សោយលើសុនខនៅមន្ទីពេទ្យសត្វ ក្នុងសង្កាត់ដើមថ្កូវ ខណ្ឌចំការមន រាជធានីភ្នំពេញ (Record no. 25700)
[ view plain ]
| 000 -LEADER | |
|---|---|
| fixed length control field | 00660nam a22001217a 4500 |
| 040 ## - CATALOGING SOURCE | |
| Transcribing agency | RUA |
| 082 ## - DEWEY DECIMAL CLASSIFICATION NUMBER | |
| Classification number | DVM SOU 2025 B707 Or. |
| 100 ## - MAIN ENTRY--AUTHOR NAME | |
| Personal name | SOUN DANE, ស៊ន់ ដាណេ |
| 245 ## - TITLE STATEMENT | |
| Title | Hypothyroidiism on dogs in veterinary hospital in sangkat phsar derm tkov, chamkamorn district,phnom penh. ករណីក្រពេញទីរ៉ូអ៊ីតខ្សោយលើសុនខនៅមន្ទីពេទ្យសត្វ ក្នុងសង្កាត់ដើមថ្កូវ ខណ្ឌចំការមន រាជធានីភ្នំពេញ |
| 260 ## - PUBLICATION, DISTRIBUTION, ETC. (IMPRINT) | |
| Place of publication | PHNOM PENH |
| Name of publisher | RUA |
| Year of publication | 2025 |
| 300 ## - PHYSICAL DESCRIPTION | |
| Number of Pages | x,41p. |
| Other physical details | ill. |
| Dimensions | 29cm. |
| 942 ## - ADDED ENTRY ELEMENTS (KOHA) | |
| Koha item type | MGR |
| 952 ## - LOCATION AND ITEM INFORMATION (KOHA) | |
| Withdrawn status [LOCAL, KOHA] | 0 |
| 952 ## - LOCATION AND ITEM INFORMATION (KOHA) | |
| Withdrawn status [LOCAL, KOHA] | 0 |
| Permanent Location | Date acquired | Koha item type | Lost status | Shelving location | Barcode | Current Location | Full call number |
|---|---|---|---|---|---|---|---|
| Library Block B | 2026-04-20 | MGR | B707 | B712014 | Library Block B | DVM SOU 2025 B707 Or.1 | |
| Library Block B | 2026-04-20 | MGR | B707 | B7121033 | Library Block B | DVM SOU 2025 B707 Or.2 |